Ekonometrické modelovanie ceny strednej triedy automobilov diplomová práca

Gespeichert in:
Bibliographische Detailangaben
1. Verfasser: Milošovič, Juraj
Körperschaft: Fakulta hospodárskej informatiky EU. Katedra operačného výskumu a ekonometrie
Weitere Verfasser: Surmanová, Kvetoslava
Format: Buch
Sprache:Slowakisch
Veröffentlicht: Bratislava 2009
Tags: Tag hinzufügen
Keine Tags, Fügen Sie das erste Tag hinzu!

MARC

LEADER 00000nam$a2200000$$$4500
001 0097071
005 20240318134107.0
041 0 |a slo 
044 |a SK 
245 1 0 |a Ekonometrické modelovanie ceny strednej triedy automobilov  |b diplomová práca  |c Juraj Milošovič ; škol. Kvetoslava Surmanová 
264 1 |a Bratislava  |c 2009 
300 |a 53 s. 
100 1 |a Milošovič, Juraj 
700 1 |a Surmanová, Kvetoslava 
710 2 |a Fakulta hospodárskej informatiky EU. Katedra operačného výskumu a ekonometrie